|
|
|
|
| LEADER |
01617nam a22003377a 4500 |
| 001 |
34031 |
| 003 |
BD-DhAAL |
| 005 |
20211109120120.0 |
| 008 |
181128r20142004nyua|||| b||| 001 0 eng d |
| 999 |
|
|
|c 40146
|d 40146
|
| 020 |
|
|
|a 9780393350395(pbk)
|
| 040 |
|
|
|a BD-DhAAL
|
| 082 |
|
|
|a 523.1
|2 22
|
| 100 |
|
|
|a Tyson, Neil deGrasse
|9 29040
|
| 245 |
|
|
|a Origins :
|b fourteen billion years of cosmic evolution /
|c Neil deGrasse Tyson and Donald Goldsmith.
|
| 260 |
|
|
|a New York :
|b W.W. Norton & Company,
|c 2014 [reissued]
|
| 300 |
|
|
|a 345 pages :
|b color illustrations, [32] page of plates ;
|c 25 cm.
|
| 500 |
|
|
|a Originally published: 2005.
|
| 504 |
|
|
|a Includes bibliographical references (pages 323-325) and index.
|
| 520 |
|
|
|a Drawing on the current cross-pollination of geology, biology and astrophysics, Origins brings to life the thrilling astronomical discoveries of recent years.
|
| 526 |
|
|
|a CSE
|
| 541 |
|
|
|a Trim Education
|e 34031, 34032
|
| 650 |
|
|
|a Cosmology.
|9 29041
|
| 650 |
|
|
|a Evolution.
|9 29042
|
| 650 |
|
|
|a Cosmology
|x Popular works.
|9 29043
|
| 650 |
|
|
|a Computer science.
|9 42474
|
| 700 |
|
|
|a Goldsmith, Donald
|9 29044
|
| 852 |
|
|
|a Ayesha Abed Library
|c General Stacks
|
| 942 |
|
|
|2 ddc
|c BK
|
| 952 |
|
|
|0 0
|1 0
|2 ddc
|4 0
|6 523_100000000000000_TYS
|7 0
|9 64704
|a BRACUL
|b BRACUL
|c GEN
|d 2018-11-20
|e Trim Education
|g 2345.00
|l 13
|m 86
|o 523.1 TYS
|p 3010034031
|r 2026-04-12
|s 2025-06-29
|t 1
|v 2345.00
|w 2018-11-20
|y BK
|
| 952 |
|
|
|0 0
|1 0
|2 ddc
|4 0
|6 523_100000000000000_TYS
|7 0
|9 64705
|a BRACUL
|b BRACUL
|c GEN
|d 2018-11-20
|e Trim Education
|g 2345.00
|l 18
|m 124
|o 523.1 TYS
|p 3010034032
|r 2026-03-02
|s 2025-11-01
|t 2
|v 2345.00
|w 2018-11-20
|y BK
|